ბათუმის შოთა რუსთაველის სახელმწიფო უნივერსიტეტის ბიბლიოთეკა

რიტორიკის შესავალი (ბიბ.ჩანაწერი № 34621)

000 -LEADER
fixed length control field 00747nam a2200241Ia 4500
001 - CONTROL NUMBER
control field 384
003 - CONTROL NUMBER IDENTIFIER
control field GE_BSU
008 - FIXED-LENGTH DATA ELEMENTS--GENERAL INFORMATION
fixed length control field 181216s||||||||xx |||||||||||||| ||und||
020 ## - INTERNATIONAL STANDARD BOOK NUMBER
International Standard Book Number 99940850
040 ## - CATALOGING SOURCE
Transcribing agency GE_BSU
080 ## - UNIVERSAL DECIMAL CLASSIFICATION NUMBER
Universal Decimal Classification number 811.353.1
100 ## - MAIN ENTRY--PERSONAL NAME
Personal name გაფრინდაშვილი, ნანა. თვალთვაძე, დარეჯან;
245 ## - TITLE STATEMENT
Title რიტორიკის შესავალი
245 ## - TITLE STATEMENT
Statement of responsibility, etc. რედ:წერეთელი ნინო
260 ## - PUBLICATION, DISTRIBUTION, ETC.
Place of publication, distribution, etc. თბილისი
260 ## - PUBLICATION, DISTRIBUTION, ETC.
Name of publisher, distributor, etc. ნეკერი
260 ## - PUBLICATION, DISTRIBUTION, ETC.
Date of publication, distribution, etc. 2007
300 ## - PHYSICAL DESCRIPTION
Extent 132 გვ.
653 ## - INDEX TERM--UNCONTROLLED
Uncontrolled term რიტორიკა
653 ## - INDEX TERM--UNCONTROLLED
Uncontrolled term რიტორიკის შესავალი
942 ## - ADDED ENTRY ELEMENTS (KOHA)
Koha item type წიგნი
ეგზემპლარები
Withdrawn status Lost status Damaged status Not for loan Date acquired Barcode Date last seen Price effective from Koha item type
        2018-12-17 1576 2018-12-17 2018-12-17 წიგნი